000 00742nam a2200229 a 4500
999 _c889
_d889
001 889
003 BD-JhCC
005 20220606134024.0
008 171011s2006 bg |||| ||a| 000 0 ben d
020 _a9844104866
035 _a(BD-JhCC)889
040 _aBD-JhCC
_dBD-JhCC
041 _aben
082 _223
_a891.4435
_bHAQ 2006
100 _aহক, সৈয়দ শামসুল
245 _aবিশাল বাংলায় /
_cসৈয়দ শামসুল হক
260 _aঢাকা :
_bমাওলা ব্রাদার্স প্রকাশনী,
_c২০০৬.
300 _a192 p. :
_bill. ;
_c21 cm.
650 _a Bengali Short stories
_xStories
_zBangladesh
942 _2ddc
_cBK
_01